| 000 | 00892nam a22001815i 4500 | ||
|---|---|---|---|
| 001 | 158480 | ||
| 003 | ES-MaACL | ||
| 005 | 20250717090743.0 | ||
| 008 | 940202s1872 sp |||| | spa d | ||
| 040 |
_aAS _bspa |
||
| 100 | 1 |
_aMaestre de San Juan, Aureliano. _9129331 |
|
| 245 | 1 | 0 |
_aTratado de anatomía general _b: que comprende el estudio de los principios inmediatos, elementos anatómicos, liquidos del organismo, tejidos, sistemas y aparatos orgánicos : precedido del conocimiento y manejo del microscopio, de la preparación y conservación de objetos micrográficos, acción de los reactivos sobre los tejidos e inyecciones finas / _cpor el doctor Aureliano Maestre-de San Juan. |
| 260 |
_aMadrid : _bMoya y Plaza, _c1872. |
||
| 300 |
_a1039 p. : _bil. ; _c22 cm. |
||
| 650 | 7 |
_aAnatomía _2embne _99800 |
|
| 852 |
_aES-MaACL _jF-12759 _z-- Enc. tela |
||
| 999 |
_c158480 _d158480 |
||